| 000 | 00657nam a22002057a 4500 | ||
|---|---|---|---|
| 005 | 20211112143342.0 | ||
| 008 | 140722b1999 ag ||||| |||| 00| 0 spa d | ||
| 020 | _a9875100218 | ||
| 040 | _aAR-MoUNM | ||
| 082 | 0 |
_220 _a342.827 3 _bRIO 585 |
|
| 110 | 1 |
_97823 _aRío Negro (Provincia) |
|
| 245 | 1 | 0 | _aConstitución de la provincia de Río Negro |
| 260 |
_aBuenos Aires : _bConsejo Federal de Inversiones, _c1999. |
||
| 300 |
_a118 p. ; _c19 cm. |
||
| 490 | 0 | _a(Colección constituciones) | |
| 500 | _aSancionada y promulgada el 3 de junio de 1998. | ||
| 650 | 7 |
_2unescot _92713 _aCONSTITUCION |
|
| 651 | 4 |
_97824 _aRIO NEGRO (ARGENTINA) |
|
| 942 | _cLIBRO | ||
| 999 |
_c3827 _d3827 |
||